000 00537nam a22001817a 4500
999 _c157069
_d157069
005 20180926163432.0
010 _aENG-123983
020 _a9788173414657
_c350.00
035 _aEN-107515
037 _bDBAD/PUB
082 _a398.2095415
100 _aSom Ranchan
245 _aHero folklore of shimla district /
_cby Som Ranchan
260 _aDelhi
_bIndian Publishers' Distributors
_c2012
270 _bDelhi
_e110007
_a166-D, Kamla Nagar,
300 _aix,137p
_c21cm.(Hb.)
942 _2ddc
_cEN
_h398.2095415
_mSOM